Brazylijscy piłkarze w erze Premier League - Statystyki

Ogólne statystyki
  • Ten quiz został rozwiązany 46 razy
  • Średni wynik to 24 z 109
Statystyki odpowiedzi
Lata Gry Piłkarz % Poprawnych
2017 - nadal Ederson
78%
2018 - nadal Alisson
76%
2017 - nadal Gabriel Jesus
76%
2020 - nadal Thiago Silva
63%
2019 - nadal Gabriel Martinelli
61%
2010 - 20142016 - 2019 David Luiz
59%
2018 - 2023 Fabinho
56%
2008 - 2011
56%
2017 - nadal Richarlison
56%
2022 - nadal Casemiro
54%
2015 - 2023 Roberto Firmino
54%
2013 - 2022 Fernandinho
51%
2018 - 2023 Fred
51%
2012 - 2017 Oscar
51%
2010 - 2016 Ramires
51%
2013 - 2021 2022 - nadal Willian
51%
2006 - 2012 Alex
46%
2021 - nadal Bruno Guimarães
46%
2012 - 2018 2021 - nadal Philippe Coutinho
46%
2022 - nadal Antony
44%
2018 - 2021 Felipe Anderson
44%
2007 - 2014 Anderson
41%
2019 - nadal Joelinton
41%
2008 - 2010 Robinho
41%
2018 - 2023 Lucas Moura
37%
2022 - nadal Lucas Paquetá
37%
1996 - 1997 Émerson
34%
2020 - nadal Gabriel Magalhães
34%
2020 - 2023 Alex Telles
32%
2014 - 2017 Fernando
32%
2007 - 2008 | 2007 - 2015 Rafael
32%
2017 - nadal Douglas Luiz
29%
2022 - nadal Neto
29%
2020 - 2022 Raphinha
29%
2017 - 2020 | 2022 - nadal Danilo
27%
2022 - nadal Felipe
27%
2007 - 2017 Lucas Leiva
27%
2013 - 2015 Paulinho
27%
2009 - 20142016 - 2017 Fábio
24%
2019 - nadal João Pedro
24%
2015 - 2016 Alexandre Pato
22%
2014 - 20162018 - nadal Andreas Pereira
22%
2014 - 2015 Filipe Luís
22%
2014 - 2017 Gabriel Paulista
22%
2022 - nadal Diego Carlos
20%
2008 - 2020 Heurelho Gomes
20%
2022 - nadal Matheus Cunha
20%
2020 - 2022 Allan
17%
2021 - 2003 Emerson Royal
17%
2007 - 2009 Gilberto
17%
2003 - 2004 Kléberson
17%
2022 - nadal Marquinhos
17%
2004 - 2005 | 2012 - 2013 Júlio César
15%
2018 - 2021 Bernard
12%
2006 - 2011 Denílson
12%
2012 - 2013 Maicon
12%
2022 - 2023 Tetê
12%
2011 - 2013 André Santos
10%
2020 - 20212022 - 2024 Carlos Vinícius
10%
2007 - 2009 Elano
10%
2015 - 20202021 - 2022 Kenedy
10%
2011 - 2013 Lucas Piazón
10%
2022 - 2023 Renan Lodi
10%
2018 - 2021 Bernardo
7%
2007 - 2010 Geovanni
7%
2002 - 2008 Gilberto Silva
7%
2007 - 2010 Juliano Belletti
7%
2006 - 2007 Júlio Baptista
7%
1999 - 2010 Sylvinho
7%
2006 - 2008 Anderson Silva
5%
2000 - 2005 Edú Gaspar
5%
1997 - 2004 Émerson Thome
5%
2006 - 2012 Fábio Aurélio
5%
2022 - 2023 Gustavo Scarpa
5%
2022 - nadal João Gomes
5%
2003 - 2004 Mario Jardel
5%
2020 - 2021 Matheus Pereira
5%
2008 - 2009 Mineiro
5%
2014 - 2015 Nenê
5%
2010 - 2016 Sandro
5%
2023 - nadal Vini Souza
5%
2023 - nadal Vitinho
5%
2019 - 2022 Wesley Moraes
5%
2020 - 2021 Willian José
5%
2007 - 2009 Cláudio Caçapa
2%
2011 - 2012 Doni
2%
2002 - 2006 Doriva
2%
2006 - 2007 Douglas Rinaldi
2%
2016 - 2017 Evandro
2%
2005 - 2008 Fábio Rochemback
2%
2008 - 2009 Gláuber
2%
2012 - 2014 Guly
2%
2009 - 2010 Ilan
2%
1995 - 1997 Isaías
2%
1995 - 2004 Juninho Paulista
2%
2018 - 2019 Léo Bonatini
2%
2021 - 2023 Lyanco
2%
2020 - 2022 Marçal
2%
2002 - 2003 Rodrigo Beckham
2%
2023 - nadal Rodrigo Muniz
2%
2003 - 2004 Roque Júnior
2%
2021 - 2022 Samir Caetano
2%
2007 - 2009 Alfonso Alves
0%
1995 - 1997 Branco
0%
2011 - 2012 Bruno Perone
0%
1999 - 2000 Fumaça
0%
Nie znaleziono quizów pasujących do podanych kryteriów
Rozkład punktacji
Procent ludzi z każdym wynikiem
Percentyl według liczby udzielonych odpowiedzi
Twoja historia wyników
Nie rozwiązałeś tego quizu